000 00649nam a2200277Ia 4500
005 20260324131152.0
008 008 260324s9999 xx 000 0 eng d
020 _a9780429121289
037 _aEBOOK
040 _aCRL
040 _beng
040 _cCRL
041 _2eng
041 _aeng
084 _qCRL
100 _aKenneth H. Lundstrom
_91184483
245 0 _aStructural Genomics on Membrane Proteins
260 _bTaylor and Francis
260 _c2006
365 _a
365 _b465
856 _uhttp://www.taylorfrancis.com/books/9780429121289
942 _cEBOOK
999 _c1781398
_d1781398